[Event "CD Meyer Gedenkturnier 2020"]
[Site "Bremen"]
[Date "2020.10.13"]
[Round "4.7"]
[White "Zwirs, Nico"]
[Black "Kardoeus, David"]
[Result "1/2-1/2"]
[WhiteElo "2453"]
[BlackElo "2172"]
[Annotator "TA"]
[PlyCount "108"]
[EventDate "2020.10.10"]
[EventType "swiss"]
[EventCountry "GER"]
[SourceTitle "playchess.com"]
[Source "ChessBase"]
[SourceQuality "1"]

{[%evp 12,108,24,13,53,50,45,42,50,48,50,50,58,45,47,51,60,45,98,101,109,104,127,126,132,134,143,152,145,146,142,137,127,136,128,83,128,87,137,82,89,79,161,156,135,157,150,156,262,211,523,506,482,280,1583,1520,1519,1187,425,0,0,0,0,0,0,0,0,0,0,0,0,0,0,0,0,0,0,0,0,0,0,0,0,0,0,0,0,0,0,0,0,0,0,0,0,0,0,0,0]} 1. e4 c5 2. Nf3 Nc6 3. Nc3 Nf6 4. Bb5 Nd4 5. e5 Nxb5 6. Nxb5 Nd5 7. O-O Nc7 {B30: Sicilian: 2...Nc6 3 Bb5, lines without ...g6.} (7... a6 $5 {[%cal Ra6b5]} 8. c4 axb5 9. cxd5 b6 $14) 8. a4 {[#]} d5 $146 ({Predecessor:} 8... Nxb5 9. axb5 d5 10. exd6 e6 11. d4 Bxd6 12. Be3 Qc7 13. dxc5 Bxc5 14. Bxc5 Qxc5 15. Qd4 Qxd4 16. Nxd4 {½-½ (52) Logdahl,H (2269)-Ernst,T (2335) Eskilstuna 2019}) 9. exd6 exd6 {White is slightly better.} 10. Re1+ Be7 $1 11. Nxc7+ Qxc7 12. Qe2 $36 {[%mdl 2048] White has good play.} d5 13. d4 {Black must now prevent Bf4.} Be6 14. Bg5 c4 (14... Bd6 $14) 15. Bxe7 $16 Qxe7 {[#]} 16. Qe5 $1 Rg8 17. b3 {Threatens to win with bxc4.} cxb3 {[#]} 18. c4 $1 {[%mdl 512]} Rd8 {[#]} (18... dxc4 19. d5) 19. c5 $1 g5 20. Qe3 Kf8 21. Rab1 Re8 22. Rxb3 f6 23. a5 Rg7 24. Qc1 Qc7 25. Qa3 ({White should try} 25. h4) 25... Rge7 26. a6 Bc8 (26... bxa6 $16 {was worth a try.} 27. Qxa6 Kf7) 27. Rxe7 $18 Rxe7 28. axb7 {[%mdl 64] Discovered Attack} Bxb7 29. Qxa7 Qf4 (29... Bc8 $16 30. Qa8 Re8) 30. g3 Qc1+ $2 (30... Qc7 31. h4 h6) 31. Kg2 g4 32. Qb8+ ({Worse is} 32. Rxb7 gxf3+ 33. Kxf3 Qh1+ 34. Kg4 h5+ 35. Kxh5 Qxh2+ 36. Kg4 Re4+ 37. f4 Qe2+ 38. Kh4 Qh2+ 39. Kg4 Qe2+ 40. Kh4 Qh2+ 41. Kg4 $11) (32. Ne5 $142 Qc2 33. Qb8+ (33. Rxb7 Qe4+ 34. f3 Qe2+ 35. Kg1 Qd1+ 36. Kg2 Qe2+ 37. Kg1 Qd1+ 38. Kg2 Qe2+ $11) 33... Re8 34. Qxb7 Qe4+ 35. Nf3 gxf3+ 36. Rxf3) 32... Kf7 $2 {[#]} (32... Kg7) 33. Ne5+ $1 {[%mdl 512]} fxe5 34. Rxb7 exd4 35. Qf4+ $2 (35. Rxe7+ $18 Kxe7 36. Qd6+ Ke8 37. Qxd5) 35... Qxf4 $11 {The position is equal.} 36. Rxe7+ Kxe7 37. gxf4 {[%mdl 4096] Endgame KP-KP} Ke6 (37... d3 $5 38. Kf1 $8 Ke6 $11) 38. Kf1 {Ke2 is the strong threat.} d3 39. Ke1 d4 $1 40. f5+ Kxf5 41. Kd2 Ke5 {And now ...Kd5 would win.} 42. Kxd3 {K3P-K3P} Kd5 43. c6 $1 {[%cal Rc6c7][%mdl 64] Deflection} Kxc6 44. Kxd4 {KPP-KPP} h5 45. Ke5 Kc5 46. Kf4 Kd4 47. Kg5 Ke5 48. Kxh5 {KPP-KP} Kf5 49. Kh6 {White threatens Kh5 and mate.} Kf6 $1 50. Kh5 Kf5 51. Kh4 {Strongly threatening Kh5.} Kf4 52. h3 gxh3 53. Kxh3 Kf3 54. Kh2 Kxf2 {Black escapes into a draw. Av CentiPawn Loss W=-27/B=-19. Weighted=-40/-23} 1/2-1/2

[Event "CD Meyer Gedenkturnier 2020"]
[Site "Bremen"]
[Date "2020.10.13"]
[Round "4.8"]
[White "Sreyas Payyappat"]
[Black "Lubbe, Nikolas"]
[Result "1-0"]
[WhiteElo "2144"]
[BlackElo "2443"]
[Annotator "TA"]
[PlyCount "87"]
[EventDate "2020.10.10"]
[EventType "swiss"]
[EventCountry "GER"]
[SourceTitle "playchess.com"]
[Source "ChessBase"]
[SourceQuality "1"]

{[%evp 20,87,13,8,46,8,0,4,34,27,24,30,19,0,0,-10,-7,-23,79,80,75,0,0,0,0,0,0,0,0,0,39,39,47,24,35,-35,0,0,0,0,2,0,0,0,0,0,0,0,0,0,11,17,645,659,654,618,565,439,470,419,419,425,413,351,531,490,488,508,29995,29996]} 1. e4 c5 2. Nf3 Nc6 3. d4 cxd4 4. Nxd4 Nf6 5. Nc3 d6 6. Bg5 Bd7 7. Qd2 a6 8. f3 e6 9. O-O-O Be7 10. h4 $1 {The main line 10.h4 scores better than 10.Be3.} Nxd4 11. Qxd4 Qc7 {B67: Sicilian: Richter-Rauzer: 7...a6 8 0-0-0 Bd7, lines without 9 f4 Be7.} 12. Qd2 b5 {[%cal Bb7b5,Bb5b4][%mdl 32]} 13. g4 Rc8 {[#] The position is equal.} 14. Bd3 $146 ({Predecessor:} 14. Kb1 b4 15. Ne2 O-O 16. Ng3 Bb5 17. Nh5 Nxh5 18. gxh5 Bxf1 19. Rdxf1 Bxg5 20. hxg5 {1-0 (40) Gazik,I (2425)-Popovic,P (2535) Novy Smokovec 1992}) 14... b4 15. Ne2 a5 {[%cal Ba6a5,Ba5a4][%mdl 32]} 16. Nd4 Rb8 17. Kb1 a4 18. Rc1 d5 {[#]} (18... h5 $11 {remains equal.}) 19. e5 $1 $16 {[%cal Re5f6]} Ng8 20. Bxe7 (20. Be3 $16) 20... Nxe7 $11 21. f4 Qc5 22. Be2 O-O 23. g5 Rfc8 24. h5 Nf5 25. Nxf5 exf5 26. Bf3 Be6 27. g6 ({White should try} 27. Rhd1 $14) 27... fxg6 28. hxg6 h6 ({Of course not} 28... hxg6 $6 29. Qg2 $16 (29. Qh2 b3 $11)) 29. Rhd1 {[%cal Rf3d5]} Rb5 30. Be2 Rb6 31. Bf3 Kf8 32. Qd4 Qa5 33. Qe3 {And now Bxd5 would win.} Rc5 34. Rd4 Rbc6 35. Qd2 $36 {[%mdl 2048] White fights for an advantage.} Rc4 $2 {[%mdl 8192] A mistake that costs the game.} (35... Rb6 $11) 36. Rxd5 $18 Bxd5 37. Bxd5 Qc7 38. Bxc6 Qxc6 {[%mdl 4096] Endgame KQR-KQR} 39. Qd8+ Qe8 40. Qd6+ Qe7 41. Qb6 Qd7 (41... Rc8 {keeps fighting.} 42. Qb5 Qe8 43. Qxb4+ Kg8) 42. e6 Qc7 {[#]} 43. Qb5 $1 {[%csl LRa4,LRf5] Threatens to win with Rd1.} ({Not} 43. e7+ Qxe7 44. Rd1 Rc8 $16) 43... Qxf4 (43... Rc5 $18 44. Qxa4 Rc6) 44. Qd7 {Av CentiPawn Loss W=-15/B=-61. Weighted=-11/-85} 1-0

[Event "CD Meyer Gedenkturnier 2020"]
[Site "Bremen"]
[Date "2020.10.13"]
[Round "4.9"]
[White "Wachinger, Nikolas"]
[Black "Pajeken, Jakob Leon"]
[Result "1-0"]
[WhiteElo "2334"]
[BlackElo "2332"]
[Annotator "TA"]
[PlyCount "143"]
[EventDate "2020.10.10"]
[EventType "swiss"]
[EventCountry "GER"]
[SourceTitle "playchess.com"]
[Source "ChessBase"]
[SourceQuality "1"]

{[%evp 9,143,8,19,10,12,15,13,18,13,20,16,5,15,15,28,20,43,44,43,29,35,0,61,55,55,66,76,66,71,75,70,54,47,52,59,33,62,6,7,2,64,58,104,88,112,94,87,15,19,19,19,19,19,13,27,35,59,47,86,98,131,131,131,0,131,131,131,131,131,131,128,0,57,0,113,115,313,313,312,312,312,312,312,312,297,297,283,283,276,276,276,276,276,268,234,221,627,601,587,580,769,450,5296,5296,5296,5296,5282,5275,5267,5267,5260,3292,5260,5074,5197,5180,5116,4682,3308,2987,1331,1308,29972,29974,29973,29974,29976,29978,29978,29979,29979,29980,29981,29982,29982,29982]} 1. e4 e5 2. Nf3 Nc6 3. Nc3 Nf6 4. Bb5 Bd6 5. d3 a6 6. Ba4 {C48: Four Knights: 4 Bb5, replies other than 4...Bb4.} O-O 7. Bg5 h6 {[#]} 8. Bxf6 $146 {The position is equal.} ({Predecessor:} 8. Bh4 Be7 9. Bb3 d6 10. Bg3 Bg4 11. h3 Bh5 12. Ne2 Bxf3 13. gxf3 Nh5 14. f4 exf4 15. Nxf4 Nxf4 16. Bxf4 {½-½ (31) Deac,B (2544)-Miron,L (2432) Bucharest 2019}) 8... Qxf6 9. Nd5 Qd8 10. c3 Ne7 11. Ne3 c5 12. Nh4 $36 {[%mdl 2048] Black is under pressure.} Bc7 13. Bb3 d6 14. Qh5 Be6 15. g4 Kh7 (15... d5 $11) 16. g5 $14 Ng6 17. Bxe6 Nxh4 18. Bf5+ Nxf5 19. exf5 Qxg5 20. Qxg5 hxg5 21. h4 {[#]} g4 $1 {[%mdl 512]} 22. Nd5 (22. Nxg4 Rad8) 22... Bd8 23. Rg1 (23. Ke2 $14) 23... g6 24. f6 Re8 (24... Rh8 $11) 25. Rxg4 Re6 26. h5 Rb8 27. hxg6+ fxg6 28. Rh4+ ({Better is} 28. Kd2 $16 {Rh1+ would kill now.} Bxf6 29. Rh1+ Kg8 30. Rxg6+ Kf7 31. Rg2 (31. Rxf6+ Rxf6 32. Rh7+ Kg6 $11)) 28... Kg8 $11 29. Rh6 Bxf6 30. Rxg6+ {[%mdl 64] Double Attack} Kf7 31. Rg4 Rh8 {aiming for ...Rh1+.} 32. Ke2 Rh2 33. Rag1 b5 34. a4 Re8 35. Rg6 {[%csl Gd5][%cal Rg6f6]} Re6 36. R6g4 Re8 37. axb5 axb5 38. Rg6 {[%csl Gd5][%cal Rg6f6]} Re6 39. Nc7 Re7 40. Nd5 ({White must play} 40. Nxb5 $16 Rd7 41. c4) 40... Re6 $14 41. Nc7 (41. R1g4 $14) 41... Re7 $16 42. Nxb5 d5 $2 {A mistake that costs the game.} (42... Rd7 $16) 43. Nd6+ $1 $18 Ke6 44. Ra1 $1 {[%cal Ra1a6] Hoping for Ra6.} Kxd6 45. Rxf6+ {[%mdl 4096] Endgame KRR-KRR} Kd7 46. Ra7+ Ke8 47. Rxe7+ Kxe7 {KR-KR} 48. Rc6 Rh1 {If only Black now had time for ...Rb1....} 49. Rxc5 Kd6 50. b4 Rb1 51. Ra5 Rb3 52. Kd2 $1 d4 $2 (52... Rb2+ 53. Ke3 d4+ {[%mdl 64] Decoy} 54. cxd4 exd4+ 55. Kxd4 Rxb4+ 56. Ke3 Rb1) 53. c4 Rb2+ 54. Ke1 Rxb4 {[#]} 55. f4 $1 {[%mdl 512]} exf4 (55... Rb3 $142 56. fxe5+ Ke6) 56. Kf2 Ke6 57. Rd5 Rb1 {[#]} 58. Kf3 $1 {[%cal Rf3f4]} Rf1+ {[#]} 59. Ke4 $1 f3 60. Rxd4 f2 61. Ke3 Ra1 62. Kxf2 Ke5 63. Re4+ Kd6 64. Ke3 Kc5 65. Re5+ Kb4 66. Kd4 {White mates.} Kb3 67. c5 Ra4+ 68. Kd5 Kc3 69. c6 Kxd3 70. c7 Ra8 71. Kc6 Kd4 72. Rd5+ {Av CentiPawn Loss W=-39/B=-22. Weighted=-44/-23} 1-0

[Event "CD Meyer Gedenkturnier 2020"]
[Site "Bremen"]
[Date "2020.10.13"]
[Round "4.10"]
[White "Papp, Sarah"]
[Black "Coll Ortega, Jordi"]
[Result "0-1"]
[WhiteElo "2327"]
[BlackElo "2268"]
[Annotator "RC"]
[PlyCount "60"]
[EventDate "2020.10.10"]
[EventType "swiss"]
[EventCountry "GER"]
[SourceTitle "playchess.com"]
[Source "ChessBase"]
[SourceQuality "1"]

1. e4 c5 2. Nf3 e6 3. d4 cxd4 4. Nxd4 Nc6 5. Nc3 Qc7 6. f4 a6 7. Nxc6 bxc6 8. Bd3 d5 9. Qe2 Nf6 10. Bd2 Be7 11. O-O O-O 12. Kh1 Re8 13. Rae1 Nd7 14. exd5 exd5 15. Na4 Nf6 16. c4 Bd7 17. Qd1 c5 18. cxd5 c4 19. Be4 Nxe4 20. Rxe4 Bd6 21. Nc3 Bf5 22. Rxe8+ Rxe8 23. Re1 Rb8 24. Qc1 Qb7 25. Ne4 Bf8 26. Qxc4 Qxb2 27. Ba5 Rb5 28. Bc3 Qc2 29. Ng3 Rb2 30. Re2 Rb1+ 0-1

[Event "CD Meyer Gedenkturnier 2020"]
[Site "Bremen"]
[Date "2020.10.13"]
[Round "4.11"]
[White "Lubbe, Melanie"]
[Black "Steffens, Olaf"]
[Result "1-0"]
[WhiteElo "2254"]
[BlackElo "2171"]
[Annotator "ChessBase"]
[PlyCount "71"]
[EventDate "2020.10.10"]
[EventType "swiss"]
[EventCountry "GER"]
[SourceTitle "playchess.com"]
[Source "ChessBase"]
[SourceQuality "1"]

1. d4 d6 2. e4 a6 3. Nf3 h6 4. c4 g5 5. h3 Bg7 6. Nc3 c6 7. Bd3 Nd7 8. Ne2 Nf8 9. Ng3 g4 10. hxg4 Bxg4 11. Be2 Qb6 12. Be3 Ng6 13. Qd2 c5 14. Nf5 Bf6 15. O-O-O e6 16. Nxd6+ Qxd6 17. e5 Nxe5 18. dxe5 Qxd2+ 19. Rxd2 Be7 20. Rhd1 Bf5 21. Bd3 Bxd3 22. Rxd3 Rh7 23. Rd7 Rb8 24. b3 Rg7 25. g3 Rg4 26. R7d3 b5 27. Nd2 h5 28. Rh1 h4 29. gxh4 Rxh4 30. Rxh4 Bxh4 31. Bxc5 Ne7 32. Ne4 Nf5 33. cxb5 axb5 34. Kb2 Bd8 35. b4 Bc7 36. Nf6# 1-0

[Event "CD Meyer Gedenkturnier 2020"]
[Site "Bremen"]
[Date "2020.10.14"]
[Round "5.1"]
[White "Fier, Alexandr"]
[Black "Donchenko, Alexander"]
[Result "1/2-1/2"]
[WhiteElo "2562"]
[BlackElo "2658"]
[Annotator "TA"]
[PlyCount "34"]
[EventDate "2020.10.10"]
[EventType "swiss"]
[EventCountry "GER"]
[SourceTitle "playchess.com"]
[Source "ChessBase"]
[SourceQuality "1"]

{[%evp 14,34,26,22,29,12,27,30,22,22,25,22,22,18,20,17,23,8,26,13,12,14,34]} 1. d4 Nf6 2. c4 e6 3. Nc3 Bb4 4. e3 O-O 5. Bd3 c5 6. Nf3 b6 7. O-O Bb7 8. Na4 cxd4 {E43: Nimzo-Indian: Rubinstein: 4...b6.} 9. a3 Bd6 10. exd4 Bxf3 {White has an edge.} 11. Qxf3 ({But not} 11. gxf3 $2 Nh5 $19) 11... Nc6 12. Be3 e5 13. dxe5 Nxe5 14. Qd1 {[#]} Re8 $1 $146 {[%mdl 8] An important novelty.} ({Predecessor:} 14... Qc7 15. h3 Nxd3 16. Qxd3 Rac8 17. Rac1 Bh2+ 18. Kh1 Bf4 19. Kg1 Bh2+ 20. Kh1 Bf4 {½-½ (32) Miljkovic,M (2496)-Predojevic,B (2621) Budva 2019}) 15. h3 Rc8 16. Nc3 Bb8 17. b3 Qc7 {Not much happened in this game. Av CentiPawn Loss W=-5/B=-6. Weighted=-4/-6} 1/2-1/2

[Event "CD Meyer Gedenkturnier 2020"]
[Site "Bremen"]
[Date "2020.10.14"]
[Round "5.2"]
[White "Edouard, Romain"]
[Black "Kollars, Dmitrij"]
[Result "1/2-1/2"]
[WhiteElo "2645"]
[BlackElo "2588"]
[Annotator "TA"]
[PlyCount "57"]
[EventDate "2020.10.10"]
[EventType "swiss"]
[EventCountry "GER"]
[SourceTitle "playchess.com"]
[Source "ChessBase"]
[SourceQuality "1"]

{[%evp 12,57,11,0,11,-23,5,6,14,-4,12,0,0,15,12,-12,29,26,16,17,65,62,77,84,76,72,68,90,85,42,136,132,141,65,51,85,47,56,89,97,84,83,97,0,0,0,0,0]} 1. d4 Nf6 2. c4 e6 3. Nc3 Bb4 4. Nf3 b6 5. Qb3 c5 6. Bg5 Bb7 7. e3 cxd4 {E12: Queen's Indian: Unusual White 4th moves, 4 a3, 4 Nc3 Bb7 5 a3 and 4 Nc3 Bb7 .} 8. exd4 (8. Qxb4 {with more complications.} Na6 9. Qa3 dxc3 10. Qxc3 Rc8 11. Rd1) 8... Be7 9. Be2 O-O 10. O-O {[#]} h6 $146 ({Predecessor:} 10... Nc6 11. Rad1 Rc8 12. d5 Na5 13. Qa4 exd5 14. cxd5 Nxd5 15. Nxd5 Bxg5 16. Qg4 Bh6 {0-1 (39) Edouard,R (2659)-Moiseenko,A (2698) Germany 2014}) 11. Bf4 d5 12. c5 Nc6 {[%cal Bb8c6,Bc6a5,Ba5c4][%mdl 32]} 13. Na4 Nd7 14. Rac1 Rc8 15. a3 Na5 16. Qd1 $1 bxc5 17. Nxc5 Nxc5 18. dxc5 Nc4 19. b4 $1 Bf6 20. Qc2 (20. Bxc4 {seems wilder.} dxc4 21. Bd6 Re8 22. Qc2 Bd5 23. Rfd1) 20... e5 (20... Nxa3 $14 21. Qa2 Nc4) 21. Bxc4 $16 dxc4 22. Bxe5 (22. Rfd1 $16 Qc7 23. Bg3) 22... Bxf3 $1 $14 23. Bxf6 Qxf6 24. gxf3 Qxf3 {[#] ...Rc6 is the strong threat.} 25. Qc3 $1 {[%cal Rc3f3]} ({Don't blunder} 25. Qxc4 $2 {[#]} Rc6 $1 $19 {[%mdl 512]}) 25... Qf5 26. Qxc4 Rfe8 27. Rfe1 (27. Rcd1 $16) 27... Qg6+ $1 $11 28. Kf1 Qc6 {[%cal Rc6h1]} 29. Kg1 {Av CentiPawn Loss W=-10/B=-10. Weighted=-8/-13} 1/2-1/2

[Event "CD Meyer Gedenkturnier 2020"]
[Site "Bremen"]
[Date "2020.10.14"]
[Round "5.3"]
[White "Johansson, Linus"]
[Black "Papp, Gabor"]
[Result "0-1"]
[WhiteElo "2492"]
[BlackElo "2602"]
[Annotator "RC"]
[PlyCount "42"]
[EventDate "2020.10.10"]
[EventType "swiss"]
[EventCountry "GER"]
[SourceTitle "playchess.com"]
[Source "ChessBase"]
[SourceQuality "1"]

1. d4 d5 2. c4 dxc4 3. e3 e5 4. Bxc4 Nc6 5. Nf3 e4 6. Nfd2 Qg5 7. Kf1 Nf6 8. Nc3 Qg6 9. Nb5 Bd6 10. b3 Bg4 11. Be2 Bxe2+ 12. Qxe2 O-O 13. g3 Nd5 14. Qc4 Ncb4 15. Ba3 Qf5 16. Kg2 Nd3 17. Rhf1 a6 18. Nxd6 cxd6 19. Bxd6 Rfc8 20. Bc5 b5 21. Qc2 Qxf2+ 0-1

[Event "CD Meyer Gedenkturnier 2020"]
[Site "Bremen"]
[Date "2020.10.14"]
[Round "5.4"]
[White "Koellner, Ruben Gideon"]
[Black "Grigorian, Spartak"]
[Result "1-0"]
[WhiteElo "2337"]
[BlackElo "2433"]
[Annotator "TA"]
[PlyCount "141"]
[EventDate "2020.10.10"]
[EventType "swiss"]
[EventCountry "GER"]
[SourceTitle "playchess.com"]
[Source "ChessBase"]
[SourceQuality "1"]

{[%evp 12,141,17,0,26,25,35,12,22,28,28,0,0,0,12,3,29,0,0,10,9,4,15,0,0,-16,-29,-40,-14,-10,13,0,6,-20,26,28,41,44,75,0,16,-14,0,0,0,0,22,0,0,0,-2,0,18,0,3,0,0,0,18,0,0,0,20,0,44,58,57,0,10,0,41,47,51,44,52,39,174,37,43,73,80,54,62,51,71,35,158,165,180,180,146,106,109,0,408,394,453,453,445,420,490,481,427,315,29983,29984,29981,29968,29968,0,6152,0,29969,29971,29971,12839,5197,5193,12808,12806,29972,29973,29973,29973,29974,29975,29975,29976,29995,29996,29996,29997]} 1. e4 c5 2. Nf3 Nc6 3. Bb5 g6 4. O-O Bg7 5. Bxc6 dxc6 6. Nc3 Nf6 7. d3 Nd7 {B31: Sicilian: 2...Nc6 3 Bb5 g6.} 8. Be3 e5 9. a3 Qe7 {The position is equal.} 10. Qd2 h6 11. b4 cxb4 12. axb4 Qxb4 13. Rfb1 (13. Ra4 {keeps more tension.} Qd6 14. Bxa7 b6 15. Rb1 Nc5 16. Ra2) 13... Qd6 14. Rxa7 (14. Bxa7 {is interesting.} b6 15. Ra4 Nc5 16. Ra2 Be6 17. Raa1) 14... Rxa7 15. Bxa7 O-O 16. Be3 Kh7 {[#]} 17. Qe2 $146 ({Predecessor:} 17. Na4 b5 18. Nb6 Nxb6 19. Bxb6 Bg4 20. Qb4 Qxb4 21. Rxb4 Ra8 22. h3 Ra1+ 23. Kh2 Bxf3 24. gxf3 {0-1 (36) Ahmad Nazari,E (1965)-Priasmoro,N (2423) Penang 2017}) 17... Nc5 18. Nd2 b5 19. Qe1 Ne6 20. Ne2 Bf6 21. Ra1 Bg5 22. Nf3 Bf6 23. Ra7 Bg7 24. Qa5 Bd7 25. Ra6 (25. h4 $16) 25... Rb8 26. Nc3 Nd4 27. Bxd4 $1 exd4 28. Ne2 Be6 29. g3 g5 30. Kg2 Qc5 31. Ne1 Be5 32. Ra7 Kg8 33. Nf3 Bf6 34. Ne1 Be5 35. Nf3 Bf6 36. Ne1 h5 37. f4 Bd8 (37... Bg4 $5 {[%cal Rg4e2]} 38. fxg5 Qxg5 $11) 38. Qa1 Bg4 39. Qa2 (39. Ra8 $1 $14 Rxa8 40. Qxa8) 39... Be6 40. Qa1 Bg4 $1 {[%cal Rg4e2]} 41. Ra8 Rxa8 42. Qxa8 Qd6 43. Nf3 {[%mdl 64] Double Attack} c5 (43... Bxf3+ $14 44. Kxf3 Kg7) 44. h3 ({White must play} 44. fxg5 $18 {Threatens to win with Nf4.} c4 45. dxc4 (45. Nfxd4 cxd3 46. e5 Qd7 $11) 45... bxc4 46. Nexd4 (46. Nfxd4 Bxe2 47. Nxe2 Qd1 $16)) 44... Bxh3+ $14 {[%mdl 64] Remove Defender, Decoy} 45. Kxh3 g4+ 46. Kg2 gxf3+ 47. Kxf3 Kg7 48. Qb7 Bb6 (48... b4 $14) 49. f5 $1 $16 h4 {[#]} 50. Nf4 $1 ({Stronger than} 50. gxh4 Bc7 $11) 50... hxg3 51. Nh5+ Kg8 52. f6 (52. Nxg3 $16 {And now e5! would win.} Bc7 53. Nh5) 52... g2 $2 {[%mdl 8192] White now steadily converts the win.} (52... Bc7 $11 {and Black is okay.}) 53. Qc8+ $18 Qf8 54. Qg4+ {[%mdl 64] Double Attack} Kh8 55. Kxg2 Qh6 {[#]} 56. e5 $1 {[%cal Re5e6] Black must now prevent e6.} c4 {intending ...cxd3.} 57. Nf4 c3 $2 (57... Bc5 $18 58. Qf5 Bb4) 58. Qc8+ Kh7 59. Qf5+ Kh8 60. Qc8+ (60. e6 $142 fxe6 61. Nxe6 Qd2+ 62. Kf3 Qe3+ 63. Kg4 Qe2+ 64. Kg5 Qg2+ 65. Kh6 Qh1+ 66. Kg6 Qh7+ 67. Kg5 Qxf5+ 68. Kxf5) 60... Kh7 61. Qf5+ (61. Kg3 $18 Qg5+ 62. Kf3) 61... Kh8 62. e6 fxe6 63. Ng6+ (63. Nxe6 $142 Qd2+ 64. Kh3 Qe3+ 65. Kh4 Qe1+ 66. Kh5 Qh1+ 67. Kg6 Qh7+ 68. Kg5 Qxf5+ 69. Kxf5) 63... Kh7 64. Nf8+ $1 {[%mdl 64] Double Attack, Discovered Attack (Double check)} Kh8 65. Nxe6 {White wants to mate with Ng5.} Qd2+ 66. Kh3 {White mates.} Qe3+ 67. Kg4 Qg1+ 68. Kh5 Qh2+ 69. Kg6 Qg3+ 70. Ng5 Bd8 {[#]} 71. Qd7 $1 {[%mdl 512] Av CentiPawn Loss W=328/B=21. Weighted=262/-37} 1-0

[Event "CD Meyer Gedenkturnier 2020"]
[Site "Bremen"]
[Date "2020.10.14"]
[Round "5.5"]
[White "Schulze, Lara"]
[Black "Reuker, Jari"]
[Result "0-1"]
[WhiteElo "2314"]
[BlackElo "2399"]
[Annotator "TA"]
[PlyCount "90"]
[EventDate "2020.10.10"]
[EventType "swiss"]
[EventCountry "GER"]
[SourceTitle "playchess.com"]
[Source "ChessBase"]
[SourceQuality "1"]

{[%evp 16,90,25,25,25,20,31,25,30,35,50,14,10,44,56,21,17,27,22,-40,-31,-40,-30,-37,-22,-30,-35,-36,-36,-101,-99,-101,-101,-99,-75,-75,-74,-101,-88,-95,-86,-128,-127,-128,-113,-121,-121,-121,-135,-454,-454,-454,-454,-454,-454,-454,-451,-451,-447,-438,-438,-430,-360,-360,-324,-431,-416,-416,-410,-384,-359,-605,-352,-602,-594,-580,-331]} 1. e4 c5 2. Nf3 e6 3. d4 cxd4 4. Nxd4 Nc6 5. Nc3 Qc7 6. Be3 a6 7. a3 b5 8. Nxc6 Qxc6 9. Be2 Bb7 {B49: Sicilian: Taimanov: 5 Nc3 Qc7 6 Be3 a6 7 Be2.} 10. O-O Rc8 11. Qd2 Nf6 {White has an edge.} 12. Rfd1 b4 13. axb4 Bxb4 14. f3 {[#]} O-O $146 ({Predecessor:} 14... Bxc3 15. bxc3 Qxc3 16. Rab1 Qxd2 17. Rxd2 Bc6 18. Bxa6 Ra8 19. Bc5 Bxe4 20. Bd6 Bc6 {1-0 (60) Blohberger,F (2448)-Stijve,T (2293) Mumbai 2019}) 15. Qd4 (15. Bd4 {looks sharper.} Rfe8 16. Bxf6 gxf6 17. Qxd7 Qxd7 18. Rxd7 Bc6 19. Rd3) 15... Bxc3 16. bxc3 Qxc3 17. Bxa6 (17. Qxc3 $11 Rxc3 18. Bd3) 17... Bxa6 $15 18. Rxa6 Qxc2 19. Rd6 Qa2 20. Ra1 Qe2 21. Qd2 Qxd2 22. Rxd2 (22. Bxd2 $15 h6 23. Ra2) 22... d5 $17 23. Bg5 {Bxf6 would now be nice for White.} dxe4 24. Bxf6 gxf6 (24... e3 {feels hotter.} 25. Re2 gxf6 26. Rxe3 Rc2 27. Kf1 Rb8) 25. fxe4 {[%mdl 4096] Endgame KRR-KRR} Rc4 26. Re2 Rb8 27. Re3 Rb5 28. h4 f5 29. Rg3+ Kf8 30. Ra8+ Ke7 31. exf5 Rxf5 32. h5 $2 {[%mdl 8192] [#] White does not recover from this.} (32. Rg5 $17) 32... Rc1+ $19 33. Kh2 Rxh5+ 34. Rh3 Rxh3+ 35. Kxh3 {KR-KR} Kf6 36. Kg3 Kf5 37. Rh8 Rh1 38. Kf3 Kg6 39. Rg8+ Kf6 40. g3 Ra1 41. Rh8 Kg7 42. Rb8 Ra4 43. Re8 $2 {[#]} (43. Rb5) 43... h6 44. g4 $2 (44. Kg2) 44... Ra5 45. Kf4 h5 {Av CentiPawn Loss W=-31/B=-21. Weighted=-57/-31} 0-1

[Event "CD Meyer Gedenkturnier 2020"]
[Site "Bremen"]
[Date "2020.10.14"]
[Round "5.6"]
[White "Zwirs, Nico"]
[Black "Sreyas Payyappat"]
[Result "1-0"]
[WhiteElo "2453"]
[BlackElo "2144"]
[Annotator "TA"]
[PlyCount "79"]
[EventDate "2020.10.10"]
[EventType "swiss"]
[EventCountry "GER"]
[SourceTitle "playchess.com"]
[Source "ChessBase"]
[SourceQuality "1"]

{[%evp 16,79,49,39,74,56,97,104,109,113,129,104,121,77,75,73,77,78,92,77,127,129,183,177,222,170,248,254,277,261,549,521,536,511,540,517,562,544,551,513,535,522,644,629,757,739,711,701,839,837,814,662,907,744,1069,1094,1058,970,1232,1223,1229,1208,2016,2008,2336,1473]} 1. c4 c5 2. Nc3 Nc6 3. Nf3 g6 4. e3 Bg7 5. d4 cxd4 6. exd4 d6 7. d5 Ne5 8. Nxe5 Bxe5 9. Be2 Bg7 {A35: Symmetrical English: 2 Nc3 Nc6 3 Nf3.} 10. O-O f5 11. Be3 {[#]} b6 $146 {White is better.} ({Predecessor:} 11... Nf6 12. Qd2 O-O 13. Rfe1 Rf7 14. Rac1 Bd7 15. Bf3 Rc8 16. Ne2 b6 17. Nd4 Kh8 {1-0 (41) Chernin,A (2620)-Deutsch,L (2210) Feldbach 1997}) 12. a4 Bd7 13. a5 bxa5 14. Qd2 Nf6 15. Ra3 O-O 16. Rfa1 a4 17. f3 f4 18. Bxf4 Nh5 (18... Qb6+ $16 {is a better defense.} 19. Be3 Qb4 20. Nxa4 Qxd2 21. Bxd2 Rab8) 19. Be3 $18 Be5 20. g3 Ng7 (20... Qa5 {was worth a try.} 21. Bd1 Bxc3 22. bxc3 (22. Rxc3 Nf6 $16) 22... Qc7) 21. Nxa4 Nf5 22. Bf2 Qc7 $2 {[#]} (22... a5 {might work better.} 23. R1a2 Bxa4) 23. Nb6 $1 {[%mdl 576] Pin. White is clearly winning.} Rab8 (23... axb6 24. Rxa8) 24. Rxa7 Rb7 25. Rxb7 Qxb7 26. Nxd7 Qxd7 27. Ra7 Qc8 28. Kg2 h5 29. b4 Kf7 30. f4 Bf6 31. h4 Qb8 32. b5 Rc8 33. Ra3 Rc5 34. Qd3 Kg7 {[#]} 35. Bxh5 $1 {[%mdl 512]} Qc8 (35... gxh5 36. Bxc5) 36. Be2 e5 37. dxe6 Qxe6 38. b6 {[%cal Bb5b6,Bb6b7][%mdl 32]} Qc8 39. Bf3 Qb8 40. b7 {Av CentiPawn Loss W=-52/B=-100. Weighted=-42/-149} 1-0